Регионална библиотека "Любен Каравелов" - Русе

Оптимистична теория за нашия народ (Запис номер 17112)

MARC детайли
000 -Лидер
Контролно поле с фиксирана дължина 01636nam a2200397 c 4500
003 - Код на организацията, давaща контролен номер
Контролно поле BLK
005 - Дата и час на последна редакция
Контролно поле 20180420215229.0
008 - Елементи от данни с фиксирана дължина
fixed length control field 180413b bul|||||r ||||||| ||bul||
010 ## - Наследен системен номер
LC control number KNG00019031000
020 ## - Международен стандартен номер на книга ISBN
Международен стандартен номер на книга ISBN 954-419-061-9
-- издат.: Отечество
040 ## - Източник на каталожния запис
Идентификатор на билиотеката - собственик на записа BLK
041 ## - Код за език
Код за езика на текст/звукозапис или на отделно заглавие Български
Код за езика КДБФ Български
080 ## - УДК
Текстов определител УДК Социално поведение. Социална психология
УДК код - определител по УДК 316.6
УДК определител (497.2)
УДК - код + определител 316.6(497.2)
080 ## - УДК
Текстов определител УДК Обществен живот. Народен бит
УДК код - определител по УДК 394
УДК определител (497.2)
УДК - код + определител 394(497.2)
080 ## - УДК
Текстов определител УДК Психология на расата. Народопсихология
УДК код - определител по УДК 159.922.4
УДК определител (=867)
УДК - код + определител 159.922.4(=867)
100 1# - Редна дума - Автор
Автор Хаджийски, Иван Минков
Авторска отговорност първи автор
R(LIN) 254887
139 ## - Редно поле
Редна дума Хаджийски, Иван Минков
Авторски знак Хаджи - Х 15
245 10 - Сведения за заглавието
Заглавие Оптимистична теория за нашия народ
Редно поле (дума) Иван Минков Хаджийски.
250 ## - Област на изданието
Сведения за изданието 2. изд.
257 ## - Страна на издаване
Страна на създаване/издаване България
260 ## - Област на издателските данни
-- София
Име на издателя, разпространителя и проч. Отечество
Година на издаване 1997
300 ## - Физическа характеристика
Страници 399 с.
Илюстрации и др. с портр.
Размери/Мащаб 20 см
380 ## - Жанр
Жанр Обществени науки
490 1# - СЕРИИ (Колекции)
Име на серия Жива проза
500 ## - Общи забележки
Забележка 1. изд. 1966 на изд. Бълг. писател ; 1 000 тир.
650 #4 - Допълнително описание по предмет – тема
Основно описание – тема или топоним Българи - народопсихология и бит
9 (RLIN) 254888
650 #4 - Допълнително описание по предмет – тема
Основно описание – тема или топоним Българи - социална психология
9 (RLIN) 254889
653 ## - Ключова дума – ненормативна
Ключова дума българи
653 ## - Ключова дума – ненормативна
Ключова дума народопсихология
653 ## - Ключова дума – ненормативна
Ключова дума социална психология
852 ## - Местоположение
Форматна сигнатура Цб 194227
856 4# - Електронен адрес и достъп
Електронен формат pdf - файл
Път до файла /url/
856 4# - Електронен адрес и достъп
Електронен формат pdf - файл
Път до файла /url/
942 ## - АРТИКУЛИ
Вид на библиотечния материал Книги
Скрит в OPAC Не
944 ## - СЪЗДАВАНЕ И РЕДАКЦИЯ на ЗАПИСА
Създаване/Редакция Създаване
Дата на регистрацията/редакция 15.01.2003
Служител, извършил регистрацията/редакцията Кети_Илиева
944 ## - СЪЗДАВАНЕ И РЕДАКЦИЯ на ЗАПИСА
Създаване/Редакция Редакция
Дата на регистрацията/редакция 01.02.2006
Служител, извършил регистрацията/редакцията
999 ## - СИСТЕМНИ КОНТРОЛНИ НОМЕРА
Koha biblionumber 17112
Koha biblioitemnumber 17112
Наличности
Код за отписване Код за изгубен артикул Източник на класификационната схема Код за повреда Коз за рестрикции Код за отдаване Артикулен № Име на библиотеката - собственик Име на библиотеката, в която се намира в момента Статус (Текущо местоположение) Дата на вписване в системата Местоположение - отдел Цена в лева Инвентарен номер Систематично азбучна сигнатура Баркод Номер на екземпляра Цена в евро Служебна бележка Служебен тип на артикула
  Не е изгубен Universal Decimal Classification Не е повреден без рестрикции ползва се в читалня 28779 Регионална библиотека "Любен Каравелов" Русе Регионална библиотека "Любен Каравелов" Русе Читалня 2001-01-01 Читалня 5.00 635866 Ч 316/Х 15 120000635866 1 2.56 Дата инв: 22.03.2017 Бележки инв: Ч2017 Книги
  Не е изгубен Universal Decimal Classification Не е повреден без рестрикции ползва се в читалня 28780 Регионална библиотека "Любен Каравелов" Русе Регионална библиотека "Любен Каравелов" Русе Хранилище 2001-01-01 Хранилище 0.00 636160 Цб 194227 120000636160 2 0.00   Книги
Vip Innovations Ltd, Rousse, Bulgaria 2025